| Tag |
First Indicator |
Second Indicator |
Subfields |
| LEADER |
00000cam a2200000 4500 |
| 001 |
in00000046946 |
| 005 |
20151007075512.0 |
| 008 |
730208s1957 nyuf b 00000 eng |
| 010 |
|
|
|a 56007286
|
| 035 |
|
|
|a (OCoLC)00555644
|
| 035 |
|
|
|9 AAF3321AM
|
| 040 |
|
|
|a DLC
|c WSU
|d OCL
|d TXA
|d UtOrBLW
|
| 049 |
|
|
|a TXAM
|c [276800]
|
| 050 |
0 |
0 |
|a QL674
|b .A94
|
| 082 |
0 |
|
|a 598.297
|
| 092 |
|
|
|a 598.297
|b A916b
|
| 100 |
1 |
|
|a Audubon, John James,
|d 1785-1851.
|
| 245 |
1 |
0 |
|a Bird biographies /
|c Selected and edited by Alice Ford.
|
| 264 |
|
1 |
|a New York :
|b Macmillan,
|c 1957.
|
| 300 |
|
|
|a xv, 282 pages :
|b color plates. ;
|c 26 cm.
|
| 336 |
|
|
|a text
|b txt
|2 rdacontent
|
| 337 |
|
|
|a unmediated
|b n
|2 rdamedia
|
| 338 |
|
|
|a volume
|b nc
|2 rdacarrier
|
| 500 |
|
|
|a Selections from the author's Ornithological biography, the text to his folio, The birds of America.
|
| 504 |
|
|
|a Bibliography: 281-282.
|
| 650 |
|
0 |
|a Birds
|z North America.
|
| 999 |
|
|
|a MARS
|
| 999 |
f |
f |
|s 70420bed-dd6c-369d-a3f5-c304a32834e9
|i 7859f0d2-893b-3b0f-bf1c-8a8699fcf9a6
|t 0
|
| 952 |
f |
f |
|p ric
|a Texas A&M University
|b Rellis Campus
|c Joint Library Facility
|d Remote Storage
|t 0
|e QL674 .A94
|h Library of Congress classification
|i unmediated -- volume
|m A14801023309
|
| 998 |
f |
f |
|a QL674 .A94
|t 0
|l Remote Storage
|